000
00266nam a2200109Ia 4500
008
240625s9999 xx 000 0 und d
041
_a
eng
082
_a
658.5
100
_a
AQUILANO CHASE JACOBS
245
_a
OPERATIONS MANAGEMENT FOR COMPETITIVE AD
260
_c
2004
999
_c
33023
_d
33023